000 00579nam a22002052 4500
001 0000023690
005 20151217161203.0
008 130318s xx 000 0 eng d
020 _a8177640305 :
040 _aKABU
_cKABU
100 1 _aBasavanna, M.
_@0000183337
245 1 0 _aDictionary of psychology /
_cM. Basavanna.
250 _a1st ed.
260 _aNew Delhi :
_bAllied,
_c2000.
300 _a467 p.
650 0 _aPsychology
_vDictionaries.
_@0000160548
852 1 _9p1450 KES
908 _a130318
950 _@1
999 _c15292
_d15292